<?xml version="1.0" encoding="UTF-8"?>
<record
    xmlns:xsi="http://www.w3.org/2001/XMLSchema-instance"
    xsi:schemaLocation="http://www.loc.gov/MARC21/slim http://www.loc.gov/standards/marcxml/schema/MARC21slim.xsd"
    xmlns="http://www.loc.gov/MARC21/slim">

  <leader>00222nam a22000857a 4500</leader>
  <datafield tag="999" ind1=" " ind2=" ">
    <subfield code="c">516319</subfield>
    <subfield code="d">516319</subfield>
  </datafield>
  <datafield tag="100" ind1=" " ind2=" ">
    <subfield code="a">Yoga, M.</subfield>
    <subfield code="9">22810</subfield>
  </datafield>
  <datafield tag="245" ind1=" " ind2=" ">
    <subfield code="a">Personnel management</subfield>
    <subfield code="c">by M. Yoga</subfield>
  </datafield>
  <datafield tag="260" ind1=" " ind2=" ">
    <subfield code="a">New Delhi</subfield>
    <subfield code="b">National Productivity council</subfield>
    <subfield code="c">1970</subfield>
  </datafield>
  <datafield tag="300" ind1=" " ind2=" ">
    <subfield code="a">42p.</subfield>
  </datafield>
  <datafield tag="952" ind1=" " ind2=" ">
    <subfield code="0">0</subfield>
    <subfield code="1">0</subfield>
    <subfield code="2">ddc</subfield>
    <subfield code="4">0</subfield>
    <subfield code="6">TNC_B142X54_IN2S</subfield>
    <subfield code="7">0</subfield>
    <subfield code="a">IIPA</subfield>
    <subfield code="b">IIPA</subfield>
    <subfield code="d">2021-02-23</subfield>
    <subfield code="o">TNC B142x54 In2s</subfield>
    <subfield code="p">GR23102</subfield>
    <subfield code="r">2021-02-23</subfield>
    <subfield code="w">2021-02-23</subfield>
    <subfield code="y">GR</subfield>
  </datafield>
</record>
